ბათუმის შოთა რუსთაველის სახელმწიფო უნივერსიტეტის ბიბლიოთეკა

Интродукция растении и зеленое строительство. Декоративные и другие полезные растения в природе и культуре (ბიბ.ჩანაწერი № 45540)

000 -LEADER
fixed length control field 00831nam a2200205Ia 4500
001 - CONTROL NUMBER
control field 12365
003 - CONTROL NUMBER IDENTIFIER
control field GE_BSU
008 - FIXED-LENGTH DATA ELEMENTS--GENERAL INFORMATION
fixed length control field 181216s||||||||xx |||||||||||||| ||und||
040 ## - CATALOGING SOURCE
Transcribing agency GE_BSU
080 ## - UNIVERSAL DECIMAL CLASSIFICATION NUMBER
Universal Decimal Classification number 633.9
245 ## - TITLE STATEMENT
Title Интродукция растении и зеленое строительство. Декоративные и другие полезные растения в природе и культуре
245 ## - TITLE STATEMENT
Statement of responsibility, etc. Ред.С.Д.Вихрев
250 ## - EDITION STATEMENT
Edition statement 8-ое
260 ## - PUBLICATION, DISTRIBUTION, ETC.
Place of publication, distribution, etc. Москва
260 ## - PUBLICATION, DISTRIBUTION, ETC.
Name of publisher, distributor, etc. Акад.Наук СССР
260 ## - PUBLICATION, DISTRIBUTION, ETC.
Date of publication, distribution, etc. 1962
300 ## - PHYSICAL DESCRIPTION
Extent 275стр.26см.
653 ## - INDEX TERM--UNCONTROLLED
Uncontrolled term Интродукция растении и зеленое строительство. Декоративные и другие полезные растения в природе и культуре
942 ## - ADDED ENTRY ELEMENTS (KOHA)
Koha item type წიგნი
ეგზემპლარები
Withdrawn status Lost status Damaged status Not for loan Date acquired Barcode Date last seen Price effective from Koha item type
        2018-12-17 20406 2018-12-17 2018-12-17 წიგნი